000 00252nam a2200109Ia 4500
005 20251222154359.0
008 251222s9999||||xx |||||||||||||| ||spa||
082 _a858.9/S98
100 _a"Svevo, Italo"
245 0 _aLa conciencia de Zeno
942 _cLIB
999 _c35218
_d35218